Klass

Joseph ha tenido que soportar toda la vida las constantes vejaciones a las que le han sometido sus compañeros. Kaspar siempre ha participado del cruel juego de sus compañeros, pero un día decide que ya ha habido suficiente y defiende a Joseph. Desde ese día les hacen la vida imposible a los dos con...

Descripción completa

Guardado en:
Autor Principal: Raag, Ilmar.
Otros Autores: Kirs, Vallo; Reparto., Uusberg, Pärt; Reparto., Pedaja, Lauri; Reparto.
Formato: Deslizar
Idioma:Undetermined
Publicado: Estonia : Estonian Culture Film, 2007.
Materias:
Etiquetas: Agregar Etiqueta
Sin Etiquetas, Sea el primero en etiquetar este registro!
LEADER 01305ngm a22002295a 4500
001 CEM.cems020676
008 231122s2007####xx#---############vlund#d
005 20231122203828.0
245 1 0 |a Klass  |h [videograbación] /  |c Ilmar Raag. 
260 |a Estonia :  |b Estonian Culture Film,  |c 2007. 
300 |a 99'. 
520 |a Joseph ha tenido que soportar toda la vida las constantes vejaciones a las que le han sometido sus compañeros. Kaspar siempre ha participado del cruel juego de sus compañeros, pero un día decide que ya ha habido suficiente y defiende a Joseph. Desde ese día les hacen la vida imposible a los dos con unos agravios que superan los límites de lo soportable. Nadie parece contar con que el padre de Joseph estuvo en el ejército y tiene armas en casa al alcance de su hijo. 
590 |a Identificación anterior: 298 
538 |a Soporte: DVD -- Formato: AVI – Peso: 835mb -- Resolución: 512 x 288 -- 25 fps 
500 |a Título original: Klass (The Class, La clase) – Idioma: Estonio – Subtítulos: Español. 
100 1 |a Raag, Ilmar. 
700 1 |a Kirs, Vallo; Reparto. 
700 1 |a Uusberg, Pärt; Reparto. 
700 1 |a Pedaja, Lauri; Reparto. 
653 |a FICCIÓN 
653 |a LARGOMETRAJE 
859 |a CEMS  |b BIB. CEMS - Depto. Recursos Didacticos  |h 778.5  |i RAA  |k DRD  |p 3239.23  |t Ej.1